Tilastot visalle Slovakia-visa

Klikkaa tästä pelataksesi tätä visaa!

Yleistilastot

  • Tätä visaa on pelattu 223 kertaa
  • Keskiarvotulos 12 / 20

Vastaustilastot

VihjeVastaus% Oikein
NaapurimaatTšekki
99%
PääkaupunkiBratislava
97%
NaapurimaatPuola
97%
NaapurimaatUnkari
97%
Valtio, jonka osana Slovakia oli 1918–1992Tšekkoslovakia
94%
NaapurimaatItävalta
92%
Valtio, joka johti yllä olevan miehitystä 1968Neuvostoliitto
89%
Joki, jonka varrella yllä oleva sijaitseeTonava
88%
NaapurimaatUkraina
88%
Slovakian suosituin urheilulajiJääkiekko
79%
Vuoristo, joka kattaa suurimman osan SlovakiastaKarpaatit
52%
Toiseksi väkirikkain kaupunkiKošice
41%
Vuonna 1989 kommunistisen hallinnon syrjäyttäneen
väkivallattoman vallankumouksen nimi
{Sametti}vallankumous
39%
Entinen valuuttaKoruna
35%
Slovakian tärkein vientituoteAutot
26%
Valtio, joka valloitti yllä olevan ja hallitsi suurta osaa Slovakiasta 800-luvullaSuur-Määri
26%
Kolmanneksi väkirikkain kaupunki, historiallisen Šarišin alueen suurin kaupunkiPrešov
21%
Tunnustettu vähemmistökieli, jota noin prosentti väestöstä puhuu lähinnä maan koillisosissaRuteeni
19%
Slovakian presidenttiZuzana Čaputová
17%
800-luvulla muodostunut ruhtinaskunta, jonka alueella sijaitsee nykyään Slovakian samanniminen alue, ja jonka pääkaupunki on nykyään yksi maan suurimmista kaupungeistaNitra
15%

Tulosjakauma

Persentiili vastausten määrän mukaan

Jokaisen tuloksen saaneiden osuus

Tuloshistoriasi

Et ole pelannut tätä visaa